| 000 | 00702nam a2200181 a 4500 | ||
|---|---|---|---|
| 005 | 20251205063943.0 | ||
| 008 | 991125s1970 mx 000 0 spa u | ||
| 035 | _aUPN01000000304 | ||
| 049 | _aSEP | ||
| 050 | 4 |
_aL227 D54 _bM2.231 |
|
| 110 | 1 |
_aMéxico. _bDirección General de Educación Tecnológica Industrial |
|
| 245 | 1 | 0 |
_aAcción I : _bfísica / _cDirección General de Educación Tecnológica Industrial. |
| 260 |
_aMéxico : _bSEP, Dirección General de Educación Tecnológica Industrial, _c[197-]. |
||
| 300 | _a72 p. | ||
| 500 | _a"Ciclo básico de la educación media. Planes de lección. Primer grado" | ||
| 650 | 4 |
_aEnseñanza técnica _zMéxico _vPlanes y programas _911011 |
|
| 905 | _aLibro | ||
| 999 |
_c304 _d304 |
||